Powiaty na literę B - Statystyki

Ogólne statystyki
  • Ten quiz został rozwiązany 518 razy
  • Średni wynik to 23 z 28
Statystyki odpowiedzi
Województwo Powiat % Poprawnych
podlaskie bielski
96%
śląskie bielski
96%
podlaskie białostocki
93%
śląskie Bytom
93%
kujawsko-pomorskie bydgoski
91%
podlaskie Białystok
90%
małopolskie brzeski
89%
opolskie brzeski
89%
kujawsko-pomorskie Bydgoszcz
89%
lubelskie bialski
88%
łódzkie bełchatowski
86%
pomorskie bytowski
86%
śląskie Bielsko-Biała
84%
lubelskie biłgorajski
83%
małopolskie bocheński
83%
dolnośląskie bolesławiecki
83%
świętokrzyskie buski
83%
warmińsko-mazurskie bartoszycki
82%
śląskie będziński
80%
lubelskie Biała Podlaska
79%
zachodniopomorskie białogardzki
77%
kujawsko-pomorskie brodnicki
74%
mazowieckie białobrzeski
73%
warmińsko-mazurskie braniewski
73%
łódzkie brzeziński
73%
śląskie bieruńsko-lędziński
71%
podkarpackie bieszczadzki
71%
podkarpackie brzozowski
69%
Nie znaleziono quizów pasujących do podanych kryteriów
Rozkład punktacji
Procent ludzi z każdym wynikiem
Percentyl według liczby udzielonych odpowiedzi
Twoja historia wyników
Nie rozwiązałeś tego quizu